Color by Biography Title Quiz Stats

 Plays Quiz Updated Apr 16, 2019

Score 0/15 Timer 03:00
3 Plays Today
% Correct
White
96.3%
Purple
96%
Pink
95.9%
Gold
94.8%
Blue
94.3%
Green
93.9%
Red
93.2%
Violet
90.2%
% Correct
Bronze
89.3%
Brown
87.8%
Silver
86.8%
Black
81.7%
Orange
80.1%
Yellow
79.2%
Gray
76.7%

You're not logged in!

Compare scores with friends on all Sporcle quizzes.
OR
Log In

Sporcle TV

Today on Sporcle TV


Watch our educational content, quiz creation guides, and fun videos on Sporcle TV.

Show Comments

Extras

Top Quizzes Today


Score Distribution

Your Account Isn't Verified!

In order to create a playlist on Sporcle, you need to verify the email address you used during registration. Go to your Sporcle Settings to finish the process.

Report this User

Report this user for behavior that violates our Community Guidelines.

Details: